<The> Algebra of econometrics

Na minha lista:
Detalhes bibliográficos
Autor principal: Pollock, D.S.G
Formato: Livro
Idioma:inglês
Publicado em: Chichester Wiley 1979
Tags: Adicionar Tag
Sem tags, seja o primeiro a adicionar uma tag!

MARC

LEADER 00000nam a2200000 4500
001 c140551
005 20041019155319.3
041 0 |a eng 
044 |a GB 
245 1 0 |a <The> Algebra of econometrics  |c D.S.G. Pollock 
264 1 |a Chichester  |b Wiley  |c 1979 
300 |a 360 s. 
100 1 |a Pollock, D.S.G.